|
|
|
|
| LEADER |
01457nam a2200409 a 4500 |
| 001 |
000608333 |
| 003 |
CZ BrMZK |
| 005 |
20090206123044.0 |
| 007 |
ta |
| 008 |
020627s2002 xr g 1 cze d |
| 015 |
|
|
|a cnb001178975
|
| 020 |
|
|
|a 80-7021-556-9
|
| 035 |
|
|
|a (OCoLC)51188512
|
| 040 |
|
|
|a BOA001
|b cze
|
| 041 |
1 |
|
|a cze
|h ger
|
| 072 |
|
7 |
|a 821.112.2-3
|x Německá próza, německy psaná
|2 Konspekt
|9 25
|
| 080 |
|
|
|a 821.112.2-3
|2 MRF
|
| 080 |
|
|
|a 17.02
|2 MRF
|
| 080 |
|
|
|a (0:82-84)
|2 MRF
|
| 080 |
|
|
|a (082.21)
|2 MRF
|
| 100 |
1 |
|
|a Morgenstern, Christian,
|d 1871-1914
|7 jn19990005833
|
| 245 |
1 |
0 |
|a Stupně :
|b výklad v aforismech a deníkových zápiscích /
|c Christian Morgenstern ; [z německého originálu přeložila, poznámkami opatřila a doslov napsala Alena Mrázková]
|
| 250 |
|
|
|a Vyd. 1.
|
| 260 |
|
|
|a Praha :
|b Vyšehrad,
|c 2002
|
| 300 |
|
|
|a 174 s. ;
|c 17 cm
|
| 490 |
1 |
|
|a Mozaika
|
| 600 |
1 |
7 |
|a Morgenstern, Christian,
|d 1871-1914
|7 jn19990005833
|2 czenas
|
| 650 |
0 |
7 |
|a německá próza
|7 ph123499
|y 19.-20. stol.
|2 czenas
|
| 650 |
0 |
7 |
|a životní moudrost
|7 ph128026
|2 czenas
|
| 650 |
0 |
7 |
|a smysl života
|7 ph125718
|2 czenas
|
| 655 |
|
7 |
|a citáty
|7 fd131832
|2 czenas
|
| 655 |
|
7 |
|a výbory
|7 fd133853
|2 czenas
|
| 765 |
0 |
|
|t Stufen
|9 Česky
|
| 830 |
|
0 |
|a Mozaika (Vyšehrad)
|0 s
|
| 910 |
|
|
|a BOA001
|b 1-1101.888
|
| 990 |
|
|
|a BK
|
| 996 |
6 |
|
|b 2610165437
|c 1-1101.888
|l MZK
|r Sklad / do 1 hodiny
|n 9
|p p.v.
|w 000608333
|u 000010
|a 1
|e BOA001
|j MZK50
|s P
|